|
|
|
|
| LEADER |
00000cam a2200000 7i4500 |
| 001 |
0000003576 |
| 005 |
20070809.0 |
| 020 |
0 |
0 |
|a 1402024126
|
| 090 |
0 |
0 |
|a 634.99
|b VAS
|
| 245 |
1 |
0 |
|a Valuing agroforestry systems :
|b methods and applications
|c [edited] by Janaki R.R. Alavalapati and D. Evan Mercer.
|
| 260 |
0 |
0 |
|a Dordrecht
|a Boston :
|b Kluwer Academic Publishers ,
|c c2004.
|
| 300 |
|
|
|a ix, 314 p. :
|b ill., map ;
|c 27 cm.
|
| 440 |
0 |
0 |
|a Advances in agroforestry
|v v. 2
|
| 504 |
0 |
0 |
|a Includes bibliographical references and index.
|
| 650 |
0 |
0 |
|a Agroforestry systems.
|
| 650 |
0 |
0 |
|a Agroforestry systems
|x Economic aspects.
|
| 700 |
1 |
1 |
|a Alavalapati, Janaki R. R.
|
| 700 |
1 |
1 |
|a Mercer, D. Evan.
|
| 999 |
|
|
|a 0000007147
|b Monograph
|c Open Shelf
|e Default branch
|